Équipe du Pays de Galles de Football - Tous les joueurs (2000-....) - Statistiques

Statistiques générales
  • Ce quiz a été pris 92 fois
    9 depuis la dernière actualisation
  • Le résultat moyen est 24 sur 151
Statistiques - réponses
Première sélection Dernière sélection Joueur Nb de sélections % Correct
2008 Aaron Ramsey 86
100%
2006 2022 Gareth Bale 111
100%
1994 2003 Adrian Williams 13
89%
2008 2019 Ashley Williams 86
89%
2005 2005 Gavin Williams 2
89%
2014 2018 George Williams 7
89%
2013 2022 Jonny Williams 33
89%
2020 Neco Williams 53
89%
2015 2015 Owain Fôn Williams 1
89%
2013 2019 Declan John 7
78%
1998 2004 Andy Johnson 15
67%
2020 Brennan Johnson 42
67%
2017 Ethan Ampadu 59
67%
1991 2007 Ryan Giggs 64
67%
2018 Daniel James 61
56%
2013 Harry Wilson 67
56%
2009 2025 Joe Allen 77
56%
2023 Jordan James 25
56%
2007 2023 Wayne Hennessey 109
56%
2019 Adam Davies 6
44%
2006 2006 Arron Davies 1
44%
2012 Ben Davies 100
44%
2005 2013 Craig Davies 7
44%
2017 David Brooks 41
44%
2025 Isaak Davies 1
44%
2020 Rhys Norrington-Davies 14
44%
2001 2010 Simon Davies 58
44%
2016 Danny Ward 44
33%
2000 2004 Darren Ward 5
33%
2006 2007 Mark Jones 2
33%
1999 2003 Matt Jones 13
33%
2008 2013 Owain Tudur Jones 7
33%
1997 2006 Paul Jones 50
33%
2018 Chris Mepham 53
22%
1998 2013 Craig Bellamy 78
22%
2019 Joe Rodon 58
22%
2019 Kieffer Moore 52
22%
2018 2022 Matthew Smith 19
22%
2018 Rabbi Matondo 15
22%
2017 2021 Ben Woodburn 11
11%
2009 2010 Brian Stock 3
11%
2004 2009 Carl Fletcher 36
11%
2008 2011 Ched Evans 13
11%
1992 2002 Chris Coleman 32
11%
2007 2022 Chris Gunter 109
11%
2018 Connor Roberts 63
11%
2006 2011 Craig Morgan 23
11%
2000 2005 Gareth Roberts 9
11%
1995 2004 Gareth Taylor 15
11%
2010 2021 Hal Robson-Kanu 46
11%
1989 2001 Iwan Roberts 15
11%
2001 2009 Jason Koumas 34
11%
2023 Joe Low 2
11%
2019 2023 Joe Morrell 37
11%
2025 Kai Andrews 1
11%
2024 Lewis Koumas 9
11%
2010 2010 Mark Bradley 1
11%
2021 Mark Harris 16
11%
1999 2004 Neil Roberts 4
11%
2010 2019 Neil Taylor 43
11%
2002 2002 Paul Evans 2
11%
2005 2005 Stephen Roberts 1
11%
2006 2008 Steve Evans 7
11%
2017 2023 Tom Lockyer 14
11%
2018 Tyler Roberts 20
11%
2011 2018 Adam Matthews 14
0%
2005 2017 Andrew Crofts 29
0%
2010 2011 Andy Dorman 3
0%
2009 2018 Andy King 50
0%
1996 2001 Andy Legg 6
0%
1989 2004 Andy Melville 65
0%
2020 Ben Cabango 15
0%
2004 2005 Ben Thatcher 7
0%
2008 2013 Boaz Myhill 19
0%
1999 2009 Carl Robinson 52
0%
2024 Charlie Crew 2
0%
2023 Charlie Savage 2
0%
1998 2007 Chris Llewellyn 6
0%
2010 2010 Christian Ribeiro 2
0%
2007 2008 Daniel Nardiello 3
0%
2005 2011 Danny Collins 12
0%
1996 2007 Danny Coyne 16
0%
2002 2014 Danny Gabbidon 49
0%
2010 2012 Darcy Blake 14
0%
1998 2004 Darren Barnard 24
0%
2005 2018 David Cotterill 24
0%
2007 2017 David Edwards 43
0%
2005 2006 David Partridge 7
0%
2003 2003 David Pipe 1
0%
2003 2016 David Vaughan 42
0%
1986 2001 Dean Saunders 75
0%
2025 Dylan Lawlor 3
0%
2020 2022 Dylan Levitt 13
0%
2024 Fin Stevens 2
0%
2007 2011 Freddy Eastwood 11
0%
1990 2004 Gary Speed 85
0%
2018 2019 George Thomas 3
0%
2006 2006 Glyn Garner 1
0%
2008 2014 Jack Collison 15
0%
2014 2018 James Chester 35
0%
2004 2016 James Collins 51
0%
2018 James Lawrence 11
0%
2006 2012 Jason Brown 3
0%
2024 Jay Dasilva 7
0%
2012 2018 Jazz Richards 14
0%
2007 2014 Jermaine Easter 12
0%
2025 Joel Colwill 1
0%
2005 2018 Joe Ledley 77
0%
2012 2012 Joel Lynch 1
0%
1995 2005 John Hartson 51
0%
1997 2004 John Oster 13
0%
1995 2002 John Robinson 30
0%
2020 Josh Sheehan 16
0%
2024 Karl Darlow 12
0%
1992 2004 Kit Symons 37
0%
2006 2011 Lewin Nyatanga 34
0%
2005 2012 Lewis Price 11
0%
2023 Liam Cullen 14
0%
1997 2004 Mark Crossley 8
0%
1999 2006 Mark Delaney 36
0%
1991 2003 Mark Pembridge 54
0%
2004 2004 Martyn Margetson 1
0%
1994 2003 Nathan Blake 30
0%
2023 Nathan Broadhead 17
0%
2007 2011 Neal Eardley 16
0%
2023 Ollie Cooper 5
0%
2004 2008 Paul Parry 12
0%
1997 2003 Paul Trollope 9
0%
2023 Regan Poole 1
0%
2000 2005 Rhys Weston 7
0%
2005 2008 Richard Duffy 13
0%
1995 2004 Robbie Savage 39
0%
2003 2006 Rob Edwards 15
0%
2002 2012 Robert Earnshaw 59
0%
1996 2005 Rob Page 41
0%
2000 2000 Roger Freestone 1
0%
2025 Ronan Kpakio 3
0%
2021 Rubin Colwill 10
0%
1998 2001 Ryan Green 16
0%
2005 2014 Sam Ricketts 52
0%
2008 2019 Sam Vokes 64
0%
2010 2016 Shaun MacDonald 4
0%
2009 2016 Simon Church 38
0%
2021 Sorba Thomas 23
0%
1995 2001 Steve Jenkins 16
0%
2010 2012 Steve Morison 20
0%
2016 Tom Bradshaw 8
0%
2024 Tom King 1
0%
2015 Tom Lawrence 23
0%
2022 Wes Burns 10
0%
2019 2022 Will Vaulks 7
0%
Aucun quiz correspondant
Distribution des résultats
% des personnes avec chaque résultat
Percentile par nombre de réponses
Votre historique - résultats
Vous n’avez pas pris ce quiz depuis la dernière actualisation